000 00646nam a2200277Ia 4500
005 20260324141750.0
008 008 260324s9999 xx 000 0 eng d
020 _a9780203138335
037 _aEBOOK
040 _aCRL
040 _beng
040 _cCRL
041 _2eng
041 _aeng
084 _qCRL
100 _aMrs Joan Dean
_91209429
245 0 _aManaging Special Needs in the Primary School
260 _bTaylor and Francis
260 _c1996
365 _a
365 _b300
856 _uhttp://www.taylorfrancis.com/books/9780203138335
942 _cEBOOK
999 _c1812865
_d1812865